000 00361nam a22001697a 4500
003 UA-OsUOA
001 2595
007 ta
008 20050721b un ||||| |||| 00| 0 ukr d
100 _aLentini
700 _aJoseph R.
942 _cBK
040 _aUA-OsUOA
_cUA-OsUOA
_dUA-OsUOA
245 _aVice and narcotics control.
_bLaw
955 _a2
650 7 _2UDC
999 _c288757
_d288757